Liderazgo y organización : introducción a la ciencia del comportamiento /
Guardado en:
| Autor Principal: | |
|---|---|
| Otros Autores: | , |
| Formato: | Libro |
| Idioma: | Spanish |
| Publicado: |
Buenos Aires :
Editorial Troquel,
1971.
|
| Materias: | |
| Etiquetas: |
Agregar Etiqueta
Sin Etiquetas, Sea el primero en etiquetar este registro!
|
| LEADER | 00822nam a22002055 4500 | ||
|---|---|---|---|
| 001 | EAD.ead002151 | ||
| 008 | 080718s1971####ag#######b####000#0#spa#d | ||
| 005 | 20100914091630.0 | ||
| 245 | 1 | 0 | |a Liderazgo y organización : |b introducción a la ciencia del comportamiento / |c Robert Tannenbaum, Irving R. Weschler, Fred Massarik. |
| 260 | |a Buenos Aires : |b Editorial Troquel, |c 1971. | ||
| 300 | |a xiv, 563 p. ; |c 23 cm. | ||
| 500 | |a Traducción de: Leadership and organization: a behavioral science approach. | ||
| 504 | |a Incluye referencias bibliográficas. | ||
| 100 | 1 | |a Tannenbaum, Robert. | |
| 700 | 1 | |a Weschler, Irving R. | |
| 700 | 1 | |a Massarik, Fred. | |
| 082 | 0 | 4 | |a 301.155 |2 21 |
| 650 | 7 | |a Liderazgo. |2 unbist | |
| 650 | 7 | |a Administración de empresas. |2 unbist | |
| 859 | |a AR-BaBDC |b BIB. ADMINISTRACION - Libros |h 301.155 |i T157 |p b00591 | ||
